Kansas's top cities alphabetically Quiz Stats

 Plays Quiz not verified by Sporcle

Score 0/20 Timer 06:00
0 Plays Today
City % Correct
Wichita
98%
Kansas City
98%
Topeka
90%
Overland Park
88%
Lawrence
86%
Olathe
78%
Manhattan
76%
Salina
66%
Leavenworth
62%
Dodge City
58%
City % Correct
Hutchinson
58%
Shawnee
56%
Garden City
52%
Emporia
50%
Lenexa
50%
Leawood
48%
Liberal
42%
Junction City
42%
Prairie Village
34%
Derby
28%

You're not logged in!

Compare scores with friends on all Sporcle quizzes.
Join for Free
OR
Log In

You Might Also Like...

Show Comments

Extras

Top Quizzes Today


Score Distribution

Your Account Isn't Verified!

In order to create a playlist on Sporcle, you need to verify the email address you used during registration. Go to your Sporcle Settings to finish the process.

Report this User

Report this user for behavior that violates our Community Guidelines.

Details: